00926nam a2200217 a 450000100100000000500170001000800410002702000150006804000250008308200180010810000260012624501640015226000640031630000210038065000410040165000780044265000400052004900090056095201220056999900170069100002337120200930022155.0101203s1990 ch 000 0 spa d a957922711x aDO-SdBNPbspacBNPHU a330.951bY94m1 aYu-ming, Shaw.94814010aMás allá del milagro económico :breflexiones sobre la República de China en Taiwan, China continental y las relaciones sinoamericanas /cShaw Yu-ming. aTaiwan :bCompañía de Publicaciones Kwang Hwa 2,c1990. a144 p. ;c21 cm. 4aChinaxPolítica económica948141 4aChinaxCondiciones económicas.y1976xCongresos,conferencias,etc948142 4aChinaxPolítica y gobierno948143 aBNGR 001054708MOaGRbGRcCTd2010-12-03iLF1l0o330.951 Y94mp23371-10r2020-06-25w2020-06-25y4ZPréstamo en sala c22868d22868